Multiple Choice City Quiz – Lille - Statistics

General Stats
  • This quiz has been taken 64 times
  • The average score is 6 of 10
Answer Stats
Question Answer % Correct
What is the name of the train connection between Paris, Lille and London? Eurostar
85%
What festival is held there every year in September? The Braderie
85%
Which of these cities is part of the Lille metropolitan area? Roubaix
78%
What specialty is Meert pastry shop famous for? Waffles
69%
Which French president was born in Lille? Charles de Gaulle
67%
Which French river flows around the Citadel of Lille? Deûle
67%
Which animal is represented on the logo of Lille football club? Mastiff
60%
What is the Dutch name for Lille? Rijsel
58%
When did Lille become french? 1667
40%
The statue of the goddess represents the city's resistance against the siege of which country? Austria
27%
No matching quizzes found
Score Distribution
Percent of People with Each Score
Percentile by Number Answered
Your Score History
You have not taken this quiz